[Event "DVM U12 2017"]
[Site "Magdeburg GER"]
[Date "2017.12.29"]
[Round "5"]
[White "Gutewort, Paul Emil"]
[Black "Lutz, Adam"]
[Result "1/2-1/2"]
[Termination "normal"]
[Board "3.2"]
[WhiteElo "1549"]
[BlackElo "1775"]
[WhiteClock "00:55:37"]
[BlackClock "00:33:41"]
[WhiteTeam "SF Nordost Berlin"]
[BlackTeam "USV TU Dresden"]
[PlyCount "66"]
[WhiteFideId "16204182"]
[BlackFideId "16226615"]
[EventCountry "GER"]
[EventRounds "7"]
[EventType "team-swiss"]
[EventDate "2017.12.26"]

1. d4 {[%clk 1:30:59]} d5 {[%clk 1:30:53]} 2. c4 {[%clk 1:31:24]} e6 {[%clk
1:31:17]} 3. Nc3 {[%clk 1:31:50]} Nf6 {[%clk 1:31:37]} 4. Nf3 {[%clk 1:32:08]}
c6 {[%clk 1:29:52]} 5. Bf4 {[%clk 1:32:06]} Bd6 {[%clk 1:27:19]} 6. Bxd6 {[%clk
1:31:54]} Qxd6 {[%clk 1:27:33]} 7. e3 {[%clk 1:31:56]} O-O {[%clk 1:26:59]} 8.
Be2 {[%clk 1:32:09]} Nbd7 {[%clk 1:25:34]} 9. O-O {[%clk 1:32:25]} b6 {[%clk
1:25:21]} 10. Qb3 {[%clk 1:31:56]} Rb8 {[%clk 1:23:40]} 11. Rfd1 {[%clk
1:31:42]} Bb7 {[%clk 1:21:41]} 12. Rac1 {[%clk 1:31:24]} Rfe8 {[%clk 1:19:57]}
13. h3 {[%clk 1:28:26]} Qe7 {[%clk 1:16:42]} 14. Rd2 {[%clk 1:21:53]} Ne4
{[%clk 1:13:09]} 15. Nxe4 {[%clk 1:17:25]} dxe4 {[%clk 1:13:28]} 16. Nh2 {[%clk
1:17:49]} f5 {[%clk 1:12:22]} 17. Nf1 {[%clk 1:15:35]} Rf8 {[%clk 1:11:41]} 18.
Ng3 {[%clk 1:15:18]} Rbd8 {[%clk 1:09:33]} 19. Rcd1 {[%clk 1:15:16]} Kh8 {[%clk
1:04:38]} 20. Qc3 {[%clk 1:13:29]} Nf6 {[%clk 0:58:38]} 21. Nh5 {[%clk
1:03:35]} Nxh5 {[%clk 0:54:48]} 22. Bxh5 {[%clk 1:03:59]} Qg5 {[%clk 0:54:34]}
23. Be2 {[%clk 1:04:23]} Rf6 {[%clk 0:52:51]} 24. Bf1 {[%clk 1:04:11]} Rh6
{[%clk 0:52:14]} 25. Kh2 {[%clk 1:04:12]} Rf8 {[%clk 0:49:15]} 26. d5 {[%clk
1:04:02]} exd5 {[%clk 0:46:31]} 27. cxd5 {[%clk 1:04:24]} cxd5 {[%clk 0:46:07]}
28. Qc7 {[%clk 1:04:36]} Bc6 {[%clk 0:45:30]} 29. Qxa7 {[%clk 1:00:28]} f4
{[%clk 0:45:41]} 30. Qxb6 {[%clk 0:58:58]} f3 {[%clk 0:42:45]} 31. g3 {[%clk
0:58:36]} Bd7 {[%clk 0:42:17]} 32. Qc5 {[%clk 0:57:00]} Qf5 {[%clk 0:39:22]}
33. h4 {[%clk 0:55:37]} Qf6 {[%clk 0:33:41]} 1/2-1/2

[Event "DVM U12 2017"]
[Site "Magdeburg GER"]
[Date "2017.12.29"]
[Round "5"]
[White "Günther, Fabian"]
[Black "Reichmann, Felix"]
[Result "0-1"]
[Termination "normal"]
[Board "3.3"]
[WhiteElo "1404"]
[BlackElo "1628"]
[WhiteClock "00:55:30"]
[BlackClock "00:37:32"]
[WhiteTeam "USV TU Dresden"]
[BlackTeam "SF Nordost Berlin"]
[PlyCount "98"]
[WhiteFideId "16240294"]
[BlackFideId "16238290"]
[EventCountry "GER"]
[EventRounds "7"]
[EventType "team-swiss"]
[EventDate "2017.12.26"]

1. d4 {[%clk 1:30:58]} g6 {[%clk 1:30:50]} 2. c4 {[%clk 1:31:23]} Bg7 {[%clk
1:31:15]} 3. Nc3 {[%clk 1:31:48]} c5 {[%clk 1:31:38]} 4. e3 {[%clk 1:32:02]}
Nf6 {[%clk 1:31:15]} 5. Nf3 {[%clk 1:32:23]} b6 {[%clk 1:31:02]} 6. d5 {[%clk
1:31:58]} d6 {[%clk 1:30:11]} 7. Bd3 {[%clk 1:32:13]} O-O {[%clk 1:29:48]} 8.
O-O {[%clk 1:30:22]} Bg4 {[%clk 1:29:02]} 9. h3 {[%clk 1:30:44]} Bxf3 {[%clk
1:29:22]} 10. Qxf3 {[%clk 1:31:05]} Nfd7 {[%clk 1:29:36]} 11. Qe2 {[%clk
1:28:53]} Ne5 {[%clk 1:29:11]} 12. Bc2 {[%clk 1:29:00]} f5 {[%clk 1:16:33]} 13.
f4 {[%clk 1:28:35]} Ned7 {[%clk 1:00:17]} 14. Bd2 {[%clk 1:25:52]} Re8 {[%clk
0:59:09]} 15. Rae1 {[%clk 1:26:10]} e5 {[%clk 0:57:12]} 16. e4 {[%clk 1:25:30]}
exf4 {[%clk 0:56:05]} 17. Bxf4 {[%clk 1:25:43]} Be5 {[%clk 0:54:34]} 18. Kh1
{[%clk 1:18:52]} Bxf4 {[%clk 0:53:30]} 19. Rxf4 {[%clk 1:19:08]} Re5 {[%clk
0:51:19]} 20. Qd3 {[%clk 1:17:20]} Qe7 {[%clk 0:48:00]} 21. Ref1 {[%clk
1:17:27]} fxe4 22. Rxe4 Nf6 {[%clk 0:45:09]} 23. Rxe5 {[%clk 1:15:29]} Qxe5
{[%clk 0:45:24]} 24. Ne4 {[%clk 0:56:03]} Nxe4 {[%clk 0:44:56]} 25. Qxe4 {[%clk
0:56:25]} Qxe4 {[%clk 0:45:07]} 26. Bxe4 {[%clk 0:56:48]} Nd7 {[%clk 0:45:18]}
27. b3 {[%clk 0:54:44]} Rf8 {[%clk 0:44:18]} 28. Rxf8+ {[%clk 0:55:02]} Kxf8
{[%clk 0:44:35]} 29. Kg1 {[%clk 0:55:26]} Kg7 {[%clk 0:43:25]} 30. Kf2 {[%clk
0:55:49]} Ne5 {[%clk 0:43:39]} 31. Ke3 {[%clk 0:56:00]} g5 {[%clk 0:43:56]} 32.
g4 {[%clk 0:55:53]} h6 {[%clk 0:44:07]} 33. Bf5 {[%clk 0:56:09]} Kf6 {[%clk
0:43:25]} 34. Be6 {[%clk 0:56:32]} Ng6 {[%clk 0:43:33]} 35. Kf3 {[%clk
0:55:20]} Nf4 {[%clk 0:42:42]} 36. Kg3 {[%clk 0:54:47]} Nxe6 {[%clk 0:41:37]}
37. dxe6 {[%clk 0:54:59]} Kxe6 {[%clk 0:41:58]} 38. Kf3 {[%clk 0:55:26]} d5
{[%clk 0:40:24]} 39. Ke2 {[%clk 0:54:27]} d4 {[%clk 0:37:32]} 40. Kf2 {[%clk
0:53:57]} Ke5 {[%clk 0:37:07]} 41. Kf3 {[%clk 0:54:09]} a6 {[%clk 0:37:15]} 42.
a3 {[%clk 0:54:26]} b5 {[%clk 0:37:20]} 43. cxb5 {[%clk 0:53:26]} axb5 {[%clk
0:37:20]} 44. a4 {[%clk 0:53:41]} bxa4 {[%clk 0:35:57]} 45. bxa4 {[%clk
0:54:05]} c4 {[%clk 0:35:42]} 46. a5 {[%clk 0:54:23]} c3 {[%clk 0:36:09]} 47.
a6 {[%clk 0:54:46]} c2 {[%clk 0:36:37]} 48. a7 {[%clk 0:55:08]} c1=Q {[%clk
0:37:05]} 49. a8=Q {[%clk 0:55:30]} Qh1+ {[%clk 0:37:32]} 0-1

[Event "DVM U12 2017"]
[Site "Magdeburg GER"]
[Date "2017.12.29"]
[Round "5"]
[White "Beck, Felix"]
[Black "Pfefferkorn, Paul"]
[Result "1/2-1/2"]
[Termination "normal"]
[Board "3.4"]
[WhiteElo "1409"]
[BlackElo "1152"]
[WhiteClock "00:42:38"]
[BlackClock "00:27:40"]
[WhiteTeam "SF Nordost Berlin"]
[BlackTeam "USV TU Dresden"]
[PlyCount "40"]
[WhiteFideId "16255364"]
[BlackFideId "16255330"]
[EventCountry "GER"]
[EventRounds "7"]
[EventType "team-swiss"]
[EventDate "2017.12.26"]

1. c4 {[%clk 1:30:59]} e5 {[%clk 1:30:48]} 2. g3 {[%clk 1:31:17]} Nf6 {[%clk
1:31:01]} 3. Bg2 {[%clk 1:31:39]} Nc6 {[%clk 1:31:08]} 4. Nc3 {[%clk 1:31:51]}
Bc5 {[%clk 1:31:15]} 5. e3 {[%clk 1:31:44]} O-O {[%clk 1:30:25]} 6. Nge2 {[%clk
1:31:55]} d6 {[%clk 1:29:29]} 7. O-O {[%clk 1:31:49]} Bd7 {[%clk 1:22:53]} 8.
d4 {[%clk 1:30:12]} Bb6 {[%clk 1:21:54]} 9. a3 {[%clk 1:28:21]} a5 {[%clk
1:20:45]} 10. h3 {[%clk 1:22:44]} Qc8 {[%clk 1:14:04]} 11. Kh2 {[%clk 1:22:48]}
Re8 {[%clk 1:09:20]} 12. b3 {[%clk 1:20:40]} Ne7 {[%clk 1:06:55]} 13. Bb2
{[%clk 1:19:08]} c6 {[%clk 1:02:41]} 14. Rc1 {[%clk 1:18:03]} Qd8 {[%clk
0:56:12]} 15. Ra1 {[%clk 1:09:59]} h6 {[%clk 0:42:56]} 16. Qd2 {[%clk 1:02:31]}
exd4 {[%clk 0:34:17]} 17. exd4 {[%clk 1:01:30]} Be6 {[%clk 0:34:07]} 18. Rad1
{[%clk 0:49:27]} d5 {[%clk 0:32:06]} 19. c5 {[%clk 0:43:58]} Bc7 {[%clk
0:32:20]} 20. Nf4 {[%clk 0:42:38]} Bf5 {[%clk 0:27:40]} 1/2-1/2

[Event "DVM U12 2017"]
[Site "Magdeburg GER"]
[Date "2017.12.29"]
[Round "5"]
[White "Deutsch, Christoph"]
[Black "Hommer, Jeremy"]
[Result "0-1"]
[Termination "normal"]
[Board "4.1"]
[WhiteElo "1832"]
[BlackElo "1975"]
[WhiteClock "00:39:23"]
[BlackClock "00:21:39"]
[WhiteTeam "SK Gründau"]
[BlackTeam "SC Turm Lüneburg"]
[PlyCount "76"]
[WhiteFideId "16206878"]
[BlackFideId "12992577"]
[EventCountry "GER"]
[EventRounds "7"]
[EventType "team-swiss"]
[EventDate "2017.12.26"]

1. e4 {[%clk 1:30:56]} c6 {[%clk 1:30:52]} 2. d4 {[%clk 1:31:12]} d5 {[%clk
1:31:10]} 3. exd5 {[%clk 1:31:25]} cxd5 {[%clk 1:31:19]} 4. Bd3 {[%clk
1:31:24]} Nc6 {[%clk 1:30:08]} 5. c3 {[%clk 1:30:53]} Qc7 {[%clk 1:25:04]} 6.
h3 {[%clk 1:29:30]} e6 {[%clk 1:24:36]} 7. Nf3 {[%clk 1:29:24]} Bd6 {[%clk
1:23:36]} 8. O-O {[%clk 1:29:09]} h6 {[%clk 1:23:05]} 9. Nbd2 {[%clk 1:27:30]}
Nf6 {[%clk 1:22:11]} 10. Re1 {[%clk 1:26:30]} O-O {[%clk 1:20:18]} 11. b3
{[%clk 1:22:13]} Bd7 {[%clk 1:14:53]} 12. Bb2 {[%clk 1:20:47]} a6 {[%clk
1:13:06]} 13. Qc2 {[%clk 1:17:57]} Rfc8 {[%clk 1:12:11]} 14. Rac1 {[%clk
1:16:40]} b5 {[%clk 1:09:17]} 15. Qb1 {[%clk 1:13:00]} Qb6 {[%clk 1:06:25]} 16.
c4 {[%clk 1:10:10]} bxc4 {[%clk 1:02:25]} 17. bxc4 {[%clk 1:10:08]} Rab8 {[%clk
1:00:18]} 18. Bc3 {[%clk 1:09:11]} Qa7 {[%clk 0:58:20]} 19. Qc2 {[%clk
1:08:21]} dxc4 {[%clk 0:53:41]} 20. Nxc4 {[%clk 1:07:35]} Nb4 {[%clk 0:53:48]}
21. Qe2 {[%clk 1:06:41]} Nxd3 {[%clk 0:53:20]} 22. Qxd3 {[%clk 1:06:34]} Bb5
{[%clk 0:52:06]} 23. Ba5 {[%clk 1:05:47]} Bf8 {[%clk 0:45:53]} 24. Nfe5 {[%clk
1:04:24]} Nd5 {[%clk 0:44:48]} 25. Nf3 {[%clk 0:59:57]} Bb4 {[%clk 0:43:05]}
26. Bxb4 {[%clk 0:58:47]} Nxb4 {[%clk 0:43:25]} 27. Qb3 {[%clk 0:58:53]} Nd5
{[%clk 0:31:33]} 28. Ncd2 {[%clk 0:54:58]} Rxc1 {[%clk 0:26:23]} 29. Rxc1
{[%clk 0:55:18]} Nf4 {[%clk 0:26:37]} 30. Rb1 {[%clk 0:52:55]} Ne2+ {[%clk
0:26:29]} 31. Kh1 {[%clk 0:52:42]} Rd8 {[%clk 0:24:08]} 32. a4 {[%clk 0:45:04]}
Bc6 {[%clk 0:24:25]} 33. Qe3 {[%clk 0:45:16]} Nxd4 {[%clk 0:22:24]} 34. Rb4
{[%clk 0:43:35]} Bxf3 {[%clk 0:22:20]} 35. Nxf3 {[%clk 0:42:20]} Nxf3 {[%clk
0:21:07]} 36. Qxf3 {[%clk 0:42:16]} Qd7 {[%clk 0:21:11]} 37. Kh2 {[%clk
0:39:15]} Qd6+ {[%clk 0:21:30]} 38. Rf4 {[%clk 0:39:23]} g5 {[%clk 0:21:39]}
0-1

[Event "DVM U12 2017"]
[Site "Magdeburg GER"]
[Date "2017.12.29"]
[Round "5"]
[White "Wusterack, Paul"]
[Black "Deutsch, Volker"]
[Result "1/2-1/2"]
[Termination "normal"]
[Board "4.2"]
[WhiteElo "1432"]
[BlackElo "1518"]
[WhiteClock "00:25:17"]
[BlackClock "00:34:06"]
[WhiteTeam "SC Turm Lüneburg"]
[BlackTeam "SK Gründau"]
[PlyCount "41"]
[WhiteFideId "16255356"]
[BlackFideId "16206886"]
[EventCountry "GER"]
[EventRounds "7"]
[EventType "team-swiss"]
[EventDate "2017.12.26"]

1. d4 {[%clk 1:30:57]} d5 {[%clk 1:30:54]} 2. c3 {[%clk 1:31:02]} Nf6 {[%clk
1:31:12]} 3. e3 {[%clk 1:28:41]} c6 {[%clk 1:31:07]} 4. Bd3 {[%clk 1:28:42]} e6
{[%clk 1:31:17]} 5. f4 {[%clk 1:28:31]} Bd6 {[%clk 1:31:13]} 6. Nf3 {[%clk
1:28:29]} Nbd7 {[%clk 1:31:13]} 7. O-O {[%clk 1:28:09]} O-O {[%clk 1:31:25]} 8.
Ne5 {[%clk 1:28:14]} c5 {[%clk 1:29:04]} 9. Nd2 {[%clk 1:27:12]} b6 {[%clk
1:27:56]} 10. Bc2 {[%clk 1:22:59]} Bb7 {[%clk 1:27:34]} 11. Ndf3 {[%clk
1:19:19]} Ne4 {[%clk 1:25:14]} 12. Bd2 {[%clk 1:09:52]} Ndf6 {[%clk 1:23:44]}
13. Be1 {[%clk 1:08:36]} Ba6 {[%clk 1:21:57]} 14. Bd3 {[%clk 1:06:53]} Bxd3
{[%clk 1:20:46]} 15. Qxd3 {[%clk 1:07:13]} Qc7 {[%clk 1:15:57]} 16. Bh4 {[%clk
1:04:41]} Rac8 {[%clk 1:11:32]} 17. g4 {[%clk 0:49:21]} Ne8 {[%clk 0:50:01]}
18. g5 {[%clk 0:37:17]} f6 {[%clk 0:45:35]} 19. Ng4 {[%clk 0:28:38]} Be7 {[%clk
0:37:01]} 20. gxf6 {[%clk 0:27:27]} N8xf6 {[%clk 0:34:06]} 21. Nge5 {[%clk
0:25:17]} 1/2-1/2

[Event "DVM U12 2017"]
[Site "Magdeburg GER"]
[Date "2017.12.29"]
[Round "5"]
[White "Deutsch, Oliver"]
[Black "Bildat, Emilia"]
[Result "0-1"]
[Termination "normal"]
[Board "4.3"]
[WhiteElo "1471"]
[BlackElo "1395"]
[WhiteClock "00:48:44"]
[BlackClock "00:27:20"]
[WhiteTeam "SK Gründau"]
[BlackTeam "SC Turm Lüneburg"]
[PlyCount "118"]
[WhiteFideId "16206894"]
[BlackFideId "16218140"]
[EventCountry "GER"]
[EventRounds "7"]
[EventType "team-swiss"]
[EventDate "2017.12.26"]

1. e4 {[%clk 1:30:55]} e5 {[%clk 1:30:54]} 2. Nf3 {[%clk 1:31:19]} Nc6 {[%clk
1:31:18]} 3. Bc4 {[%clk 1:31:41]} Be7 {[%clk 1:31:41]} 4. d4 {[%clk 1:31:59]}
exd4 {[%clk 1:32:01]} 5. c3 {[%clk 1:32:12]} d3 {[%clk 1:31:17]} 6. Qb3 {[%clk
1:32:05]} Na5 {[%clk 1:28:25]} 7. Bxf7+ {[%clk 1:32:12]} Kf8 {[%clk 1:28:47]}
8. Qa4 {[%clk 1:31:55]} c5 {[%clk 1:25:45]} 9. Ne5 {[%clk 1:27:24]} d6 {[%clk
1:24:15]} 10. Bxg8 {[%clk 1:27:17]} dxe5 {[%clk 1:23:28]} 11. Bd5 {[%clk
1:27:14]} Bd7 {[%clk 1:22:15]} 12. Qd1 {[%clk 1:23:57]} c4 {[%clk 1:14:49]} 13.
b4 {[%clk 1:21:52]} cxb3 {[%clk 1:13:46]} 14. axb3 {[%clk 1:21:36]} Bc6 {[%clk
1:12:38]} 15. Qf3+ {[%clk 1:19:18]} Bf6 {[%clk 1:11:33]} 16. Ba3+ {[%clk
1:17:51]} Ke8 {[%clk 1:11:01]} 17. Nd2 {[%clk 1:15:20]} Bxd5 {[%clk 1:06:09]}
18. exd5 {[%clk 1:15:23]} b6 {[%clk 1:05:37]} 19. Qxd3 {[%clk 1:14:42]} Nb7
{[%clk 1:05:05]} 20. O-O {[%clk 1:13:49]} Nd6 {[%clk 1:04:00]} 21. Rfe1 {[%clk
1:12:00]} Kf7 {[%clk 1:03:31]} 22. Ne4 {[%clk 1:10:57]} Nxe4 {[%clk 1:03:41]}
23. Qxe4 {[%clk 1:11:07]} Qd7 {[%clk 1:02:27]} 24. f4 {[%clk 1:10:12]} Rae8
{[%clk 0:59:31]} 25. Qc4 {[%clk 1:05:32]} Rc8 {[%clk 0:56:29]} 26. Qe4 {[%clk
1:03:56]} exf4 {[%clk 0:45:53]} 27. Qe6+ {[%clk 1:03:28]} Qxe6 {[%clk 0:46:12]}
28. dxe6+ {[%clk 1:03:48]} Ke8 {[%clk 0:46:32]} 29. Rac1 {[%clk 1:02:51]} g5
{[%clk 0:42:40]} 30. c4 {[%clk 1:01:38]} Be7 {[%clk 0:41:48]} 31. b4 {[%clk
0:59:10]} Rf8 {[%clk 0:38:22]} 32. c5 {[%clk 0:58:20]} Rc6 {[%clk 0:38:34]} 33.
b5 {[%clk 0:55:41]} Bxc5+ {[%clk 0:36:56]} 34. Kh1 {[%clk 0:55:07]} Rc7 {[%clk
0:36:42]} 35. e7 {[%clk 0:53:18]} Rf7 {[%clk 0:36:23]} 36. Bxc5 {[%clk
0:50:00]} Rxc5 {[%clk 0:36:00]} 37. Kg1 {[%clk 0:48:47]} Rxe7 {[%clk 0:35:37]}
38. Rxe7+ {[%clk 0:48:15]} Kxe7 {[%clk 0:36:01]} 39. Rb1 {[%clk 0:48:28]} Kd6
{[%clk 0:34:39]} 40. Kf2 {[%clk 0:48:30]} Ke5 {[%clk 0:33:53]} 41. Kf3 {[%clk
0:48:21]} Kf5 {[%clk 0:34:12]} 42. Rb3 {[%clk 0:48:19]} h5 {[%clk 0:34:06]} 43.
Kf2 {[%clk 0:47:34]} g4 {[%clk 0:33:43]} 44. Ke2 {[%clk 0:47:34]} Rc2+ {[%clk
0:33:29]} 45. Kf1 {[%clk 0:47:47]} h4 {[%clk 0:32:19]} 46. Ra3 {[%clk 0:47:28]}
f3 {[%clk 0:29:02]} 47. gxf3 {[%clk 0:47:32]} Rxh2 {[%clk 0:27:53]} 48. fxg4+
{[%clk 0:47:45]} Kxg4 {[%clk 0:28:13]} 49. Rxa7 {[%clk 0:48:03]} Rb2 {[%clk
0:28:17]} 50. Rg7+ {[%clk 0:48:12]} Kh3 {[%clk 0:26:27]} 51. Rg5 {[%clk
0:48:03]} Rb3 {[%clk 0:26:13]} 52. Kg1 {[%clk 0:47:10]} Rg3+ {[%clk 0:25:14]}
53. Rxg3+ {[%clk 0:47:20]} Kxg3 {[%clk 0:25:12]} 54. Kf1 {[%clk 0:46:56]} Kf3
{[%clk 0:25:35]} 55. Kg1 {[%clk 0:47:17]} Ke4 {[%clk 0:25:47]} 56. Kh2 {[%clk
0:47:42]} Kd4 {[%clk 0:26:11]} 57. Kh3 {[%clk 0:48:08]} Kc5 {[%clk 0:26:37]}
58. Kxh4 {[%clk 0:48:32]} Kxb5 {[%clk 0:26:59]} 59. Kg3 {[%clk 0:48:44]} Kc4
{[%clk 0:27:20]} 0-1

[Event "DVM U12 2017"]
[Site "Magdeburg GER"]
[Date "2017.12.29"]
[Round "5"]
[White "Helms, Finn"]
[Black "Bayer, Oliver"]
[Result "1-0"]
[Termination "normal"]
[Board "4.4"]
[WhiteElo "1419"]
[BlackElo "1497"]
[WhiteClock "01:17:01"]
[BlackClock "00:04:16"]
[WhiteTeam "SC Turm Lüneburg"]
[BlackTeam "SK Gründau"]
[PlyCount "89"]
[WhiteFideId "16249143"]
[BlackFideId "16243978"]
[EventCountry "GER"]
[EventRounds "7"]
[EventType "team-swiss"]
[EventDate "2017.12.26"]

1. d4 {[%clk 1:30:57]} d5 {[%clk 1:30:50]} 2. Bf4 {[%clk 1:31:19]} Nf6 {[%clk
1:31:09]} 3. e3 {[%clk 1:31:42]} c5 {[%clk 1:31:29]} 4. c3 {[%clk 1:32:05]} Nc6
{[%clk 1:31:51]} 5. Nd2 {[%clk 1:32:27]} e6 {[%clk 1:32:11]} 6. h3 {[%clk
1:32:46]} Bd6 {[%clk 1:29:31]} 7. Bxd6 {[%clk 1:32:46]} Qxd6 {[%clk 1:29:49]}
8. f4 {[%clk 1:33:06]} b6 {[%clk 1:27:28]} 9. a3 {[%clk 1:33:14]} a5 {[%clk
1:27:04]} 10. Ngf3 {[%clk 1:33:25]} Nh5 {[%clk 1:19:26]} 11. Kf2 {[%clk
1:31:33]} h6 {[%clk 1:12:53]} 12. Ne5 {[%clk 1:31:37]} Nf6 {[%clk 1:12:43]} 13.
Be2 {[%clk 1:30:09]} Qc7 {[%clk 1:10:17]} 14. Rf1 {[%clk 1:29:31]} Nxe5 {[%clk
1:08:22]} 15. fxe5 {[%clk 1:29:15]} Nh7 {[%clk 1:05:11]} 16. Kg1 {[%clk
1:27:50]} Bb7 {[%clk 0:58:37]} 17. Bh5 {[%clk 1:26:47]} g6 {[%clk 0:58:15]} 18.
Be2 {[%clk 1:26:22]} h5 {[%clk 0:57:36]} 19. Qc2 {[%clk 1:25:44]} Qc8 {[%clk
0:53:28]} 20. Rf2 {[%clk 1:25:40]} Ba6 {[%clk 0:53:35]} 21. Bf3 {[%clk
1:25:42]} Ng5 {[%clk 0:53:42]} 22. Be2 {[%clk 1:23:56]} Bxe2 {[%clk 0:53:27]}
23. Rxe2 {[%clk 1:24:19]} Qa6 {[%clk 0:53:17]} 24. Rf2 {[%clk 1:24:34]} h4
{[%clk 0:50:43]} 25. Raf1 {[%clk 1:24:46]} Qb7 {[%clk 0:50:21]} 26. Qd1 {[%clk
1:24:24]} Qe7 {[%clk 0:47:38]} 27. Qg4 {[%clk 1:24:04]} Rh7 {[%clk 0:47:14]}
28. Rf6 {[%clk 1:17:22]} O-O-O {[%clk 0:41:22]} 29. Qxg5 {[%clk 1:17:23]} Rh5
{[%clk 0:21:28]} 30. Qf4 {[%clk 1:16:56]} Rf5 {[%clk 0:20:14]} 31. Rxf5 {[%clk
1:17:13]} exf5 {[%clk 0:20:10]} 32. Nf3 {[%clk 1:17:14]} Rh8 {[%clk 0:19:11]}
33. Qg5 {[%clk 1:17:13]} Kd7 {[%clk 0:17:52]} 34. Qxe7+ {[%clk 1:17:23]} Kxe7
{[%clk 0:18:16]} 35. Rd1 {[%clk 1:17:20]} c4 {[%clk 0:16:47]} 36. a4 {[%clk
1:17:29]} f6 {[%clk 0:14:53]} 37. exf6+ {[%clk 1:16:48]} Kxf6 {[%clk 0:15:14]}
38. Ne5 {[%clk 1:17:06]} Rd8 {[%clk 0:14:58]} 39. Rb1 {[%clk 1:17:17]} g5
{[%clk 0:13:15]} 40. b3 {[%clk 1:17:16]} cxb3 {[%clk 0:12:38]} 41. Rxb3 {[%clk
1:15:51]} Rd6 {[%clk 0:12:44]} 42. Rxb6 {[%clk 1:16:11]} Rxb6 {[%clk 0:09:18]}
43. Nd7+ {[%clk 1:16:33]} Ke6 {[%clk 0:08:34]} 44. Nxb6 {[%clk 1:16:50]} Kd6
{[%clk 0:04:16]} 45. c4 {[%clk 1:17:01]} 1-0

[Event "DVM U12 2017"]
[Site "Magdeburg GER"]
[Date "2017.12.29"]
[Round "5"]
[White "Ponomarev, Maximilian"]
[Black "Kraftsik, Christian"]
[Result "1-0"]
[Termination "normal"]
[Board "5.1"]
[WhiteElo "1764"]
[BlackElo "1607"]
[WhiteClock "01:00:14"]
[BlackClock "00:41:06"]
[WhiteTeam "SC Tarrasch 45 München"]
[BlackTeam "SC Vaterstetten"]
[PlyCount "73"]
[WhiteFideId "16216768"]
[BlackFideId "16242548"]
[EventCountry "GER"]
[EventRounds "7"]
[EventType "team-swiss"]
[EventDate "2017.12.26"]

1. e4 e5 2. Nf3 Nc6 3. d4 exd4 4. Nxd4 Nf6 5. Nxc6 bxc6 6. Qe2 Qe7 7. Nc3 d5 8.
exd5 Qxe2+ 9. Bxe2 cxd5 10. Nb5 Kd8 11. Bf4 Ne8 12. O-O-O c6 13. Nd4 Bd7 14.
Ba6 Nc7 15. Bb7 Rb8 16. Nxc6+ Bxc6 17. Bxc6 Rb6 18. Bxd5 Nxd5 19. Rxd5+ Kc8 20.
Rhd1 f6 21. Rd8+ Kb7 22. R1d7+ Ka6 23. Ra8 Rb4 24. Raxa7+ Kb5 25. Bd2 Re4 26.
Kd1 Bc5 27. Rab7+ Kc6 28. f3 Ra4 29. a3 Rh4 30. b4 Bg1 31. h3 {[%clk 1:00:21]}
Bh2 {[%clk 0:42:22]} 32. Be3 {[%clk 1:00:36]} Bc7 {[%clk 0:40:58]} 33. Rbxc7+
Kb5 34. Rb7+ {[%clk 1:01:06]} Ka6 {[%clk 0:41:19]} 35. Ra7+ {[%clk 1:01:27]}
Kb5 {[%clk 0:41:44]} 36. Rdc7 {[%clk 1:00:34]} Rd8+ {[%clk 0:41:06]} 37. Ke2
{[%clk 1:00:14]} 1-0

[Event "DVM U12 2017"]
[Site "Magdeburg GER"]
[Date "2017.12.29"]
[Round "5"]
[White "Lerchl, Clemens"]
[Black "Bloch, Daniel"]
[Result "1-0"]
[Termination "normal"]
[Board "5.2"]
[WhiteElo "1547"]
[BlackElo "1435"]
[WhiteClock "01:30:55"]
[BlackClock "00:11:27"]
[WhiteTeam "SC Vaterstetten"]
[BlackTeam "SC Tarrasch 45 München"]
[PlyCount "75"]
[WhiteFideId "16226372"]
[BlackFideId "16229525"]
[EventCountry "GER"]
[EventRounds "7"]
[EventType "team-swiss"]
[EventDate "2017.12.26"]

1. e4 {[%clk 1:30:56]} e5 {[%clk 1:30:57]} 2. Nf3 {[%clk 1:31:22]} Nc6 {[%clk
1:31:21]} 3. Bb5 {[%clk 1:31:50]} a6 {[%clk 1:31:45]} 4. Ba4 {[%clk 1:32:16]}
Nf6 {[%clk 1:31:33]} 5. O-O {[%clk 1:32:41]} d6 {[%clk 1:31:30]} 6. Re1 {[%clk
1:33:03]} Be7 {[%clk 1:31:18]} 7. c3 {[%clk 1:33:27]} Bg4 {[%clk 1:31:25]} 8.
d3 {[%clk 1:33:47]} O-O {[%clk 1:31:13]} 9. Nbd2 {[%clk 1:34:10]} b5 {[%clk
1:26:55]} 10. Bc2 {[%clk 1:34:34]} d5 {[%clk 1:26:57]} 11. h3 {[%clk 1:34:28]}
Bh5 {[%clk 1:27:16]} 12. exd5 {[%clk 1:32:18]} Qxd5 {[%clk 1:25:45]} 13. Ne4
{[%clk 1:30:42]} Nxe4 14. Rxe4 {[%clk 1:30:34]} f5 {[%clk 1:22:30]} 15. Bb3
{[%clk 1:30:58]} Bxf3 {[%clk 1:21:53]} 16. Bxd5+ {[%clk 1:30:54]} Kh8 {[%clk
1:21:30]} 17. gxf3 {[%clk 1:31:16]} fxe4 {[%clk 1:21:52]} 18. Bxc6 {[%clk
1:31:34]} Rad8 {[%clk 1:22:12]} 19. Bxe4 {[%clk 1:31:58]} c5 {[%clk 1:21:23]}
20. Kg2 {[%clk 1:31:17]} Rd6 {[%clk 1:10:13]} 21. Be3 {[%clk 1:30:52]} Rd7
{[%clk 1:02:27]} 22. Qc2 {[%clk 1:31:12]} Rfd8 {[%clk 0:57:12]} 23. Rd1 {[%clk
1:31:04]} c4 {[%clk 0:48:55]} 24. d4 {[%clk 1:31:14]} exd4 {[%clk 0:41:26]} 25.
Rxd4 {[%clk 1:31:13]} Rxd4 {[%clk 0:33:18]} 26. Bxd4 {[%clk 1:31:37]} h6 {[%clk
0:33:16]} 27. Kf1 {[%clk 1:31:34]} b4 {[%clk 0:29:23]} 28. Qd2 {[%clk 1:31:26]}
Bg5 {[%clk 0:24:07]} 29. f4 {[%clk 1:31:49]} bxc3 30. bxc3 {[%clk 1:32:12]} Bf6
{[%clk 0:22:31]} 31. f5 {[%clk 1:31:58]} Bg5 {[%clk 0:22:20]} 32. f4 {[%clk
1:32:00]} Bf6 {[%clk 0:22:15]} 33. Qe3 {[%clk 1:31:41]} Bh4 {[%clk 0:20:46]}
34. Qg1 {[%clk 1:30:56]} Rd7 {[%clk 0:16:04]} 35. Qg6 {[%clk 1:30:34]} a5
{[%clk 0:12:52]} 36. Qe8+ {[%clk 1:30:38]} Kh7 {[%clk 0:11:24]} 37. f6+ {[%clk
1:30:55]} g6 {[%clk 0:11:27]} 38. Bxg6# 1-0